000 04069nab a2200361 i 4500
003 BR-BrBNA
005 20240522105022.0
008 240522b2022 bl.ar|pooa||| 00| 0 eng |
040 _aBR-BrBNA
_beng
072 _aF30
_b1823
100 _aOliveira, Maria Elisângela Ferreira de
100 _aAndrade Júnior, Valter Carvalho de
100 _aBrito, Orlando Gonçalves
100 _aAzevedo, Sebastião Márcio
100 _aJeferson, Carlos de Oliveira
100 _aSilva, Eduardo Alves da
100 _4,
_aAzevedo, Alcinei Mistico
245 _aRepeatability coefficient for the determination of the optmal number of harvests for the selection of zucchini hybrids
500 _aPublicação on-line; 33 ref.; 2 illus.; Summaries (En, Pt)
520 _a Abstract ‒ The objective of this work was to estimate the optimal number of harvests for the reliable selection of zucchini (Cucurbita pepo) hybrids through the repeatability coefficient. The experimental design was randomized complete blocks with 33 treatments (31 experimental hybrids and 2 commercial ones) and four replicates, with six plants per plot. Fifteen harvests were carried out. Seven morphoagronomic fruit characteristics were evaluated, and repeatability coefficients were estimated using four statistical methods. The repeatability coefficients ranged from low to moderate, regardless of the studied characteristic. For a high-precision selection (R2 ≥90%), a high number of evaluated harvests was required, especially for traits related to fruit yield, as follows: 30 to 54 harvests for selection based on total yield; and 43 to 83 harvests for commercial yield, which varied according to the statistical estimation method. The principal component analysis based on the covariance matrix required the least number of harvests for a satisfactory selection precision. Fifteen harvests are sufficient for a satisfactory selection of all evaluated characteristics, with a precision above 70%. Index terms: Cucurbita pepo, biometric, plant breeding
520 _a Resumo ‒ O objetivo deste trabalho foi estimar o número ótimo de colheitas para a seleção confiável de híbridos de abobrinha-italiana (Cucurbita pepo) por meio do coeficiente de repetibilidade. O delineamento experimental foi em blocos ao acaso, com 33 tratamentos (31 híbridos experimentais e 2 comerciais) e quatro repetições, com seis plantas por parcela. Realizaramse 15 colheitas. Sete características morfoagronômicas dos frutos foram avaliadas, e os coeficientes de repetibilidade foram estimados por meio de quatro métodos estatísticos. Os coeficientes de repetibilidade variaram de baixos a moderados, independentemente da característica estudada. Para uma seleção de alta precisão (R2≥90%), um elevado número de colheitas avaliadas foi necessário, especialmente para as características relacionadas à produtividade de frutos, conforme a seguir: 30 a 54 colheitas para a seleção baseada na produtividade total; e 43 a 83 colheitas para a produtividade comercial, que variou conforme o método estatístico de estimação. A análise de componentes principais baseada na matriz de covariância demandou a menor quantidade de colheitas para uma precisão satisfatória da seleção. São suficientes 15 colheitas para a seleção satisfatória de todas as características avaliadas, com precisão superior a 70%. Termos para indexação: Cucurbita pepo, biometria, melhoramento genético.
650 _aABÓBORA
650 _aHÍBRIDO
650 _aSELEÇÃO
650 _aHERDABILIDADE
650 _aBIOMETRIA
650 _aMELHORAMENTO GENÉTICO VEGETAL
650 _aCOLHEITA
773 0 _0920
_925802
_dBrasília-DF Empresa Brasileira de Pesquisa Agropecuária - EMBRAPA 1966-
_o2023-436358
_tPesquisa Agropecuária Brasileira (Brazil)
_x0100-204X
_gv. 57 p. 1-9; (2022)
_wBR2024001071
856 _uhttps://www.scielo.br/j/pab/a/MKQvFSHD9jd8BdTgQN7QXyG/?format=pdf&lang=en
942 _cAnalítica
999 _c299714
_d299714